000 00432nam a2200169Ia 4500
003 GCL
008 140319s9999 xx 000 0 eng d
040 _aGCL /
_cGCL
082 0 4 _a820
_bD C
100 1 _aDUTT, K.C.
245 1 0 _aCUMULATIVE INDEX TO INDIAN LITERATURE /
_cDUTT, K.C.
260 _a[S.N] :
_bSAHITYA AKADEMI ،
_c1981
300 _a492 P
650 0 4 _aLITERATURE
650 0 4 _aINDIAN LITERATURE
942 _2ddc
_cBK
999 _c21380
_d21380